Statistics for Keyboard Mastery

Click here to take the quiz!

General Stats

  • This quiz has been taken 26 times
    (13 since last reset)
  • The average score is 43 of 75

Answer Stats

HintAnswer% Correct
aa
100%
bb
100%
cc
100%
dd
100%
ee
100%
ff
100%
gg
100%
hh
100%
ii
100%
jj
100%
kk
100%
ll
100%
mm
100%
nn
100%
oo
100%
pp
100%
qq
100%
rr
100%
ss
100%
tt
100%
uu
100%
vv
100%
ww
100%
xx
100%
yy
100%
zz
100%
Key to the right of =Backspace
75%
Key to the left of QTab
75%
,Comma
63%
8Eight
63%
5Five
63%
4Four
63%
9Nine
63%
1One
63%
7Seven
63%
6Six
63%
3Three
63%
2Two
63%
0Zero
63%
Key below X and ZAlt
50%
Key to the left of ACaps Lock
50%
=Equals
50%
#Hash
50%
()Brackets
38%
Key to the left of the aboveControl
38%
Euro
38%
.Full Stop
38%
-Minus
38%
?Question Mark
38%
/Slash
38%
'Apostrophe
25%
\Backslash
25%
>Bigger Than
25%
Key below InsertDelete
25%
$Dollar
25%
!Exclamation Mark
25%
FnFunction
25%
%Percentage
25%
.Period
25%
£Pound
25%
"Speech Marks
25%
Key below Z and \Windows
25%
Key below , and >Alt Gr
13%
*Asterisk
13%
Key above EndHome
13%
<Smaller Than
13%
~Tilde
13%
¬Acute
0%
&Ampersand
0%
F1 to F12Function Keys
0%
`Grave
0%
¦Hole
0%
Key to the left of FnMenu
0%
()Paranthesis
0%
Key above InsertPrint Screen
0%

Score Distribution

Percentile by Number Answered

Percent of People with Each Score

Your Score History

You have not taken this quiz since the last reset